MARC details
| 000 -LEADER |
| fixed length control field |
02924cam a2200481 i 4500 |
| 001 - CONTROL NUMBER |
| control field |
21746041 |
| 003 - CONTROL NUMBER IDENTIFIER |
| control field |
JO-AjAnu |
| 005 - DATE AND TIME OF LATEST TRANSACTION |
| control field |
20241020111227.0 |
| 008 - FIXED-LENGTH DATA ELEMENTS--GENERAL INFORMATION |
| fixed length control field |
201007t20192019caua b 001 0 eng d |
| 010 ## - LIBRARY OF CONGRESS CONTROL NUMBER |
| LC control number |
2020301449 |
| 015 ## - NATIONAL BIBLIOGRAPHY NUMBER |
| National bibliography number |
GBB9B6664 |
| Source |
bnb |
| 016 7# - NATIONAL BIBLIOGRAPHIC AGENCY CONTROL NUMBER |
| Record control number |
019453762 |
| Source |
Uk |
| 020 ## - INTERNATIONAL STANDARD BOOK NUMBER |
| International Standard Book Number |
9781492041948 |
| Qualifying information |
(paperback) |
| 020 ## - INTERNATIONAL STANDARD BOOK NUMBER |
| International Standard Book Number |
1492041947 |
| Qualifying information |
(paperback) |
| 035 ## - SYSTEM CONTROL NUMBER |
| System control number |
(OCoLC)on1083570909 |
| 040 ## - CATALOGING SOURCE |
| Original cataloging agency |
YDX |
| Language of cataloging |
eng |
| Transcribing agency |
YDX |
| Description conventions |
rda |
| Modifying agency |
BDX |
| -- |
UKMGB |
| -- |
OCLCO |
| -- |
YDX |
| -- |
UOK |
| -- |
OCLCF |
| -- |
COO |
| -- |
YDXIT |
| -- |
JRZ |
| -- |
OCLCQ |
| -- |
UAP |
| -- |
DLC |
| -- |
JO-AjAnu |
| 042 ## - AUTHENTICATION CODE |
| Authentication code |
lccopycat |
| 050 00 - LIBRARY OF CONGRESS CALL NUMBER |
| Classification number |
Q325.5 |
| Item number |
.F67 2019 |
| 082 04 - DEWEY DECIMAL CLASSIFICATION NUMBER |
| Classification number |
006.3/1 |
| Edition number |
23 |
| 100 1# - MAIN ENTRY--PERSONAL NAME |
| Personal name |
Foster, David |
| Titles and words associated with a name |
(Business consultant), |
| Relator term |
author. |
| 245 10 - TITLE STATEMENT |
| Title |
Generative deep learning : |
| Remainder of title |
teaching machines to paint, write, compose, and play / |
| Statement of responsibility, etc. |
David Foster. |
| 250 ## - EDITION STATEMENT |
| Edition statement |
First edition. |
| 264 #1 - PRODUCTION, PUBLICATION, DISTRIBUTION, MANUFACTURE, AND COPYRIGHT NOTICE |
| Place of production, publication, distribution, manufacture |
Sebastopol, CA : |
| Name of producer, publisher, distributor, manufacturer |
O'Reilly Media, Inc., |
| Date of production, publication, distribution, manufacture, or copyright notice |
2023. |
| 264 #4 - PRODUCTION, PUBLICATION, DISTRIBUTION, MANUFACTURE, AND COPYRIGHT NOTICE |
| Date of production, publication, distribution, manufacture, or copyright notice |
©2019 |
| 300 ## - PHYSICAL DESCRIPTION |
| Extent |
xv, 308 pages : |
| Other physical details |
illustrations (chiefly color) ; |
| Dimensions |
24 cm |
| 336 ## - CONTENT TYPE |
| Content type term |
text |
| Content type code |
txt |
| Source |
rdacontent |
| 337 ## - MEDIA TYPE |
| Media type term |
unmediated |
| Media type code |
n |
| Source |
rdamedia |
| 338 ## - CARRIER TYPE |
| Carrier type term |
volume |
| Carrier type code |
nc |
| Source |
rdacarrier |
| 504 ## - BIBLIOGRAPHY, ETC. NOTE |
| Bibliography, etc. note |
Includes bibliographical references and index. |
| 505 0# - FORMATTED CONTENTS NOTE |
| Formatted contents note |
Part 1. Introduction to generative deep learning. Generative modeling -- Deep learning -- Variational autoencoders -- Generative adversarial networks -- Part 2. Teaching machines to paint, write, compose, and play. Paint -- Write -- Compose -- Play -- The future of generative modeling -- Conclusion. |
| 520 ## - SUMMARY, ETC. |
| Summary, etc. |
"Generative modeling is one of the hottest topics in AI. It's now possible to teach a machine to excel at human endeavors such as painting, writing, and composing music. With this practical book, machine-learning engineers and data scientists will discover how to re-create some of the most impressive examples of generative deep learning models, such as variational autoencoders, generative adversarial networks (GANs), encoder-decoder models, and world models. Author David Foster demonstrates the inner workings of each technique, starting with the basics of deep learning before advancing to some of the most cutting-edge algorithms in the field. Through tips and tricks, you'll understand how to make your models learn more efficiently and become more creative."--Amazon.com. |
| 650 #0 - SUBJECT ADDED ENTRY--TOPICAL TERM |
| Topical term or geographic name entry element |
Machine learning. |
| 650 #0 - SUBJECT ADDED ENTRY--TOPICAL TERM |
| Topical term or geographic name entry element |
Artificial intelligence. |
| 650 #0 - SUBJECT ADDED ENTRY--TOPICAL TERM |
| Topical term or geographic name entry element |
Neural networks (Computer science) |
| 650 #0 - SUBJECT ADDED ENTRY--TOPICAL TERM |
| Topical term or geographic name entry element |
Generative programming (Computer science) |
| 650 #7 - SUBJECT ADDED ENTRY--TOPICAL TERM |
| Topical term or geographic name entry element |
Artificial intelligence. |
| Source of heading or term |
fast |
| Authority record control number or standard number |
(OCoLC)fst00817247 |
| 650 #7 - SUBJECT ADDED ENTRY--TOPICAL TERM |
| Topical term or geographic name entry element |
Generative programming (Computer science) |
| Source of heading or term |
fast |
| Authority record control number or standard number |
(OCoLC)fst00939967 |
| 650 #7 - SUBJECT ADDED ENTRY--TOPICAL TERM |
| Topical term or geographic name entry element |
Machine learning. |
| Source of heading or term |
fast |
| Authority record control number or standard number |
(OCoLC)fst01004795 |
| 650 #7 - SUBJECT ADDED ENTRY--TOPICAL TERM |
| Topical term or geographic name entry element |
Neural networks (Computer science) |
| Source of heading or term |
fast |
| Authority record control number or standard number |
(OCoLC)fst01036260 |
| 906 ## - LOCAL DATA ELEMENT F, LDF (RLIN) |
| a |
7 |
| b |
cbc |
| c |
copycat |
| d |
2 |
| e |
ncip |
| f |
20 |
| g |
y-gencatlg |
| 942 ## - ADDED ENTRY ELEMENTS (KOHA) |
| Source of classification or shelving scheme |
Library of Congress Classification |
| Koha item type |
Books |
| Suppress in OPAC |
No |